000 00867cam a2200205 a 4500
001 1617116
005 20250723175742.0
008 950821s1995 ilu bd 000 0 eng
020 _a0830814469
_qpaper : alk. paper
020 _a9780830814466
_q(paper : alk. paper)
050 0 0 _aBR515
_b.C665 1995
082 0 0 _a277.3/003
_220
245 0 0 _aConcise dictionary of Christianity in America /
_ccoordinating editor, Daniel G. Reid ; consulting editors, Robert D. Linder, Bruce L. Shelley, Harry S. Stout ; Abridging editor, Craig A. Noll.
260 _aDowners Grove, Ill. :
_bInterVarsity Press,
_cc1995.
300 _a378 p. ;
_c23 cm.
500 _a"A condensation of the Dictionary of Christianity in America, which was published in 1990"--Pref.
650 0 _aChristianity
_zUnited States
_xDictionaries.
700 1 _aReid, Daniel G.,
_d1949-
942 _2lcc
_cBK
_n0
999 _c7128
_d7128